[Event "DVM U10 2023"]
[Site "Magdeburg GER"]
[Date "2023.12.27"]
[Round "1"]
[White "Zussner, Tim"]
[Black "Tiuca, Emma"]
[Result "1-0"]
[Termination "normal"]
[Board "12.1"]
[WhiteElo "1275"]
[BlackElo "1148"]
[WhiteClock "00:20:24"]
[BlackClock "00:30:07"]
[WhiteTeam "SV Empor Berlin"]
[BlackTeam "SG Trier 1877"]
[PlyCount "61"]
[WhiteFideId "34642765"]
[BlackFideId "4007549"]
[EventCountry "GER"]
[EventRounds "7"]
[EventType "team-swiss"]
[EventDate "2023.12.27"]

1. d4 {[%clk 00:55:08]} {[%emt 00:00:02]} e6 {[%clk 00:54:59]} {[%emt
00:00:10]} 2. c4 {[%clk 00:55:08]} {[%emt 00:00:05]} d5 {[%clk 00:54:57]}
{[%emt 00:00:07]} 3. Nc3 {[%clk 00:55:10]} {[%emt 00:00:03]} c6 {[%clk
00:54:45]} {[%emt 00:00:17]} 4. Nf3 {[%clk 00:54:52]} {[%emt 00:00:24]} f5
{[%clk 00:54:29]} {[%emt 00:00:20]} 5. Bf4 {[%clk 00:53:54]} {[%emt 00:01:03]}
Nf6 {[%clk 00:54:11]} {[%emt 00:00:22]} 6. e3 {[%clk 00:53:36]} {[%emt
00:00:25]} Nbd7 {[%clk 00:53:43]} {[%emt 00:00:32]} 7. Be2 {[%clk 00:51:58]}
{[%emt 00:01:44]} Be7 {[%clk 00:53:12]} {[%emt 00:00:36]} 8. O-O {[%clk
00:50:22]} {[%emt 00:01:41]} O-O {[%clk 00:51:41]} {[%emt 00:01:35]} 9. Rc1
{[%clk 00:47:16]} {[%emt 00:03:11]} Ne4 {[%clk 00:50:56]} {[%emt 00:00:50]} 10.
h3 {[%clk 00:43:57]} {[%emt 00:03:25]} Kh8 {[%clk 00:49:17]} {[%emt 00:01:43]}
11. Bh2 {[%clk 00:40:20]} {[%emt 00:03:43]} g5 {[%clk 00:48:35]} {[%emt
00:00:46]} 12. Nd2 {[%clk 00:37:22]} {[%emt 00:03:04]} Nef6 {[%clk 00:45:24]}
{[%emt 00:03:15]} 13. f4 {[%clk 00:34:24]} {[%emt 00:03:04]} g4 {[%clk
00:44:28]} {[%emt 00:01:00]} 14. hxg4 {[%clk 00:33:43]} {[%emt 00:00:47]} Rg8
{[%clk 00:43:51]} {[%emt 00:00:40]} 15. g5 {[%clk 00:30:52]} {[%emt 00:02:58]}
Ne4 {[%clk 00:43:18]} {[%emt 00:00:37]} 16. Rf3 {[%clk 00:28:21]} {[%emt
00:02:38]} Qe8 {[%clk 00:40:45]} {[%emt 00:02:34]} 17. Rh3 {[%clk 00:27:30]}
{[%emt 00:00:59]} Nf8 {[%clk 00:37:44]} {[%emt 00:03:05]} 18. Bh5 {[%clk
00:26:03]} {[%emt 00:01:32]} Qd8 {[%clk 00:37:21]} {[%emt 00:00:25]} 19. cxd5
{[%clk 00:24:21]} {[%emt 00:01:52]} exd5 {[%clk 00:36:53]} {[%emt 00:00:31]}
20. Nf3 {[%clk 00:24:10]} {[%emt 00:00:17]} Ng6 {[%clk 00:35:04]} {[%emt
00:01:54]} 21. Bxg6 {[%clk 00:23:32]} {[%emt 00:00:43]} Rxg6 {[%clk 00:34:56]}
{[%emt 00:00:12]} 22. Ne5 {[%clk 00:23:14]} {[%emt 00:00:24]} Rg7 {[%clk
00:34:36]} {[%emt 00:00:18]} 23. g6 {[%clk 00:22:10]} {[%emt 00:01:15]} Be6
{[%clk 00:34:05]} {[%emt 00:00:34]} 24. Rxh7+ {[%clk 00:21:34]} {[%emt
00:00:44]} Rxh7 {[%clk 00:33:50]} {[%emt 00:00:19]} 25. gxh7 {[%clk 00:21:37]}
{[%emt 00:00:03]} Kxh7 {[%clk 00:33:32]} {[%emt 00:00:21]} 26. Nxe4 {[%clk
00:20:52]} {[%emt 00:00:52]} dxe4 {[%clk 00:33:22]} {[%emt 00:00:14]} 27. Qh5+
{[%clk 00:20:44]} {[%emt 00:00:15]} Kg8 {[%clk 00:32:43]} {[%emt 00:00:41]} 28.
Qg6+ {[%clk 00:20:34]} {[%emt 00:00:17]} Kf8 {[%clk 00:32:26]} {[%emt
00:00:21]} 29. Qxe6 {[%emt 00:00:12]} Kg7 {[%clk 00:31:37]} {[%emt 00:00:49]}
30. Qf7+ {[%clk 00:20:29]} {[%emt 00:00:09]} Kh6 {[%clk 00:30:07]} {[%emt
00:01:35]} 31. Qg6# {[%clk 00:20:24]} {[%emt 00:00:04]} 1-0

[Event "DVM U10 2023"]
[Site "Magdeburg GER"]
[Date "2023.12.27"]
[Round "1"]
[White "Dres, Friedrich"]
[Black "Bashirova, Sona"]
[Result "1-0"]
[Termination "normal"]
[Board "12.2"]
[WhiteElo "1007"]
[BlackElo "1317"]
[WhiteClock "00:26:24"]
[BlackClock "00:00:06"]
[WhiteTeam "SG Trier 1877"]
[BlackTeam "SV Empor Berlin"]
[PlyCount "95"]
[BlackFideId "34664033"]
[EventCountry "GER"]
[EventRounds "7"]
[EventType "team-swiss"]
[EventDate "2023.12.27"]

1. e4 {[%clk 00:55:08]} c6 {[%clk 00:55:02]} {[%emt 00:00:09]} 2. Nc3 {[%clk
00:55:00]} {[%emt 00:00:13]} d5 {[%clk 00:55:02]} {[%emt 00:00:05]} 3. Nf3
{[%clk 00:54:50]} {[%emt 00:00:15]} Bg4 {[%clk 00:54:58]} {[%emt 00:00:09]} 4.
Be2 {[%clk 00:54:30]} {[%emt 00:00:26]} e6 {[%clk 00:52:55]} {[%emt 00:02:07]}
5. O-O {[%clk 00:54:13]} {[%emt 00:00:21]} Nf6 {[%clk 00:52:05]} {[%emt
00:00:56]} 6. d3 {[%clk 00:54:03]} {[%emt 00:00:15]} Nbd7 {[%clk 00:50:15]}
{[%emt 00:01:56]} 7. e5 {[%clk 00:53:39]} {[%emt 00:00:28]} Bxf3 {[%clk
00:50:12]} {[%emt 00:00:08]} 8. exf6 {[%clk 00:53:16]} {[%emt 00:00:29]} gxf6
{[%clk 00:48:32]} {[%emt 00:01:45]} 9. Bxf3 {[%clk 00:52:22]} {[%emt 00:00:58]}
f5 {[%clk 00:46:43]} {[%emt 00:01:54]} 10. d4 {[%clk 00:51:52]} {[%emt
00:00:35]} Qf6 {[%clk 00:46:05]} {[%emt 00:00:43]} 11. Re1 {[%clk 00:50:50]}
{[%emt 00:01:07]} O-O-O {[%clk 00:45:01]} {[%emt 00:01:09]} 12. Bf4 {[%clk
00:50:29]} {[%emt 00:00:26]} Bg7 {[%clk 00:41:50]} {[%emt 00:03:16]} 13. Be5
{[%clk 00:49:39]} {[%emt 00:00:54]} Nxe5 {[%clk 00:41:44]} {[%emt 00:00:12]}
14. dxe5 {[%clk 00:49:26]} {[%emt 00:00:18]} Qg5 {[%clk 00:41:18]} {[%emt
00:00:30]} 15. Qd4 {[%clk 00:48:54]} {[%emt 00:00:37]} Kb8 {[%clk 00:40:35]}
{[%emt 00:00:48]} 16. a4 {[%clk 00:48:17]} {[%emt 00:00:43]} h5 {[%clk
00:39:06]} {[%emt 00:01:34]} 17. b4 {[%clk 00:47:36]} {[%emt 00:00:46]} Bh6
{[%clk 00:34:08]} {[%emt 00:05:04]} 18. b5 {[%clk 00:45:40]} {[%emt 00:02:01]}
Qd2 {[%clk 00:33:43]} {[%emt 00:00:30]} 19. Qb4 {[%clk 00:44:51]} {[%emt
00:00:53]} Ka8 {[%clk 00:26:37]} {[%emt 00:07:10]} 20. bxc6 {[%clk 00:43:28]}
{[%emt 00:01:29]} bxc6 {[%clk 00:26:29]} {[%emt 00:00:12]} 21. Na2 {[%clk
00:40:55]} {[%emt 00:02:38]} Qxc2 {[%clk 00:24:08]} {[%emt 00:02:27]} 22. Re2
{[%clk 00:39:25]} {[%emt 00:01:34]} Qd3 {[%clk 00:22:07]} {[%emt 00:02:05]} 23.
Qc3 {[%clk 00:38:14]} {[%emt 00:01:18]} Qa6 {[%clk 00:19:21]} {[%emt 00:02:49]}
24. Nb4 {[%clk 00:37:44]} {[%emt 00:00:37]} Qb7 {[%clk 00:15:07]} {[%emt
00:04:19]} 25. Qxc6 {[%clk 00:37:12]} {[%emt 00:00:37]} Qxc6 {[%emt 00:00:21]}
26. Nxc6 {[%clk 00:36:36]} {[%emt 00:00:37]} Rc8 {[%clk 00:14:44]} {[%emt
00:00:17]} 27. Nb4 {[%clk 00:35:57]} {[%emt 00:00:44]} Kb7 {[%clk 00:11:40]}
{[%emt 00:03:09]} 28. Rb1 {[%clk 00:35:20]} {[%emt 00:00:41]} Kc7 {[%clk
00:10:59]} {[%emt 00:00:47]} 29. Rc2+ {[%clk 00:35:04]} {[%emt 00:00:19]} Kd7
{[%clk 00:10:39]} {[%emt 00:00:26]} 30. Rxc8 {[%clk 00:34:40]} {[%emt
00:00:29]} Rxc8 {[%clk 00:10:36]} {[%emt 00:00:08]} 31. Bxh5 {[%clk 00:34:24]}
{[%emt 00:00:19]} Ke7 {[%clk 00:09:12]} {[%emt 00:01:31]} 32. h3 {[%clk
00:33:22]} {[%emt 00:01:07]} f6 {[%clk 00:06:20]} {[%emt 00:02:57]} 33. exf6+
{[%clk 00:32:44]} {[%emt 00:00:42]} Kxf6 {[%clk 00:06:20]} {[%emt 00:00:05]}
34. Nd3 {[%clk 00:32:15]} {[%emt 00:00:34]} Rc4 {[%clk 00:05:13]} {[%emt
00:01:11]} 35. Rb7 {[%clk 00:31:14]} {[%emt 00:01:08]} Rxa4 {[%clk 00:04:45]}
{[%emt 00:00:34]} 36. Rf7+ {[%clk 00:30:49]} {[%emt 00:00:29]} Kg5 {[%clk
00:04:37]} {[%emt 00:00:13]} 37. g4 {[%clk 00:30:21]} {[%emt 00:00:33]} fxg4
{[%clk 00:02:13]} {[%emt 00:03:10]} 38. hxg4 {[%clk 00:30:01]} {[%emt
00:00:24]} Ra1+ {[%clk 00:01:46]} {[%emt 00:00:33]} 39. Kg2 {[%clk 00:29:53]}
{[%emt 00:00:13]} a5 {[%clk 00:00:58]} {[%emt 00:00:53]} 40. Kg3 {[%clk
00:29:44]} {[%emt 00:00:14]} Rg1+ {[%clk 00:00:37]} {[%emt 00:00:26]} 41. Kh2
{[%clk 00:29:20]} {[%emt 00:00:28]} Ra1 {[%clk 00:00:37]} {[%emt 00:00:06]} 42.
f4+ {[%clk 00:28:44]} {[%emt 00:00:40]} Kh4 {[%clk 00:00:31]} {[%emt 00:00:12]}
43. Ne5 {[%clk 00:28:03]} {[%emt 00:00:45]} Ra2+ {[%clk 00:00:26]} {[%emt
00:00:11]} 44. Kg1 {[%clk 00:27:46]} {[%emt 00:00:21]} Ra1+ {[%clk 00:00:28]}
{[%emt 00:00:05]} 45. Kf2 {[%clk 00:27:41]} {[%emt 00:00:09]} Ra2+ {[%clk
00:00:30]} {[%emt 00:00:04]} 46. Ke3 {[%clk 00:27:11]} {[%emt 00:00:33]} Ra3+
{[%clk 00:00:16]} {[%emt 00:00:20]} 47. Nd3 {[%clk 00:27:06]} {[%emt 00:00:10]}
a4 {[%clk 00:00:06]} {[%emt 00:00:16]} 48. Bg6 {[%clk 00:26:24]} {[%emt
00:00:45]} 1-0

[Event "DVM U10 2023"]
[Site "Magdeburg GER"]
[Date "2023.12.27"]
[Round "1"]
[White "Köhler, Valentin"]
[Black "Classen, Meara"]
[Result "1-0"]
[Termination "normal"]
[Board "12.3"]
[WhiteElo "1135"]
[BlackElo "1118"]
[WhiteClock "00:09:58"]
[BlackClock "00:04:18"]
[WhiteTeam "SV Empor Berlin"]
[BlackTeam "SG Trier 1877"]
[PlyCount "125"]
[BlackFideId "34626956"]
[EventCountry "GER"]
[EventRounds "7"]
[EventType "team-swiss"]
[EventDate "2023.12.27"]

1. e4 {[%clk 00:55:06]} {[%emt 00:00:03]} e6 {[%clk 00:54:59]} {[%emt
00:00:11]} 2. d4 {[%clk 00:54:46]} {[%emt 00:00:26]} d5 {[%clk 00:54:55]}
{[%emt 00:00:08]} 3. Nc3 {[%clk 00:54:28]} {[%emt 00:00:24]} Nf6 {[%clk
00:54:43]} {[%emt 00:00:16]} 4. e5 {[%emt 00:00:49]} Nfd7 {[%clk 00:54:34]}
{[%emt 00:00:10]} 5. Nf3 {[%clk 00:53:17]} {[%emt 00:00:35]} c5 {[%clk
00:53:53]} {[%emt 00:00:47]} 6. Be3 {[%clk 00:52:02]} {[%emt 00:01:20]} Nc6
{[%clk 00:53:22]} {[%emt 00:00:36]} 7. Bb5 {[%clk 00:51:07]} {[%emt 00:01:01]}
a6 {[%clk 00:52:30]} {[%emt 00:00:52]} 8. Bxc6 {[%clk 00:50:59]} {[%emt
00:00:17]} bxc6 {[%clk 00:52:25]} {[%emt 00:00:10]} 9. O-O {[%clk 00:50:07]}
{[%emt 00:00:58]} Be7 {[%clk 00:51:53]} {[%emt 00:00:34]} 10. Ne2 {[%clk
00:49:36]} {[%emt 00:00:37]} O-O {[%emt 00:04:29]} 11. c4 {[%clk 00:47:28]}
cxd4 {[%clk 00:47:35]} {[%emt 00:02:13]} 12. Nexd4 {[%clk 00:46:57]} {[%emt
00:00:36]} Bb7 {[%clk 00:46:22]} {[%emt 00:01:18]} 13. Qd2 {[%clk 00:43:41]}
{[%emt 00:03:21]} dxc4 {[%clk 00:42:29]} {[%emt 00:03:58]} 14. Rac1 {[%clk
00:42:57]} {[%emt 00:00:49]} c5 {[%clk 00:41:29]} {[%emt 00:01:06]} 15. Ne2
{[%clk 00:41:05]} {[%emt 00:01:56]} Bxf3 {[%clk 00:40:13]} {[%emt 00:01:21]}
16. gxf3 {[%clk 00:40:04]} {[%emt 00:01:06]} Nxe5 {[%clk 00:39:15]} {[%emt
00:01:01]} 17. Qxd8 {[%clk 00:39:31]} {[%emt 00:00:41]} Rfxd8 {[%clk 00:38:56]}
{[%emt 00:00:23]} 18. f4 {[%clk 00:37:28]} {[%emt 00:02:08]} Nf3+ {[%clk
00:37:55]} {[%emt 00:01:04]} 19. Kg2 {[%clk 00:37:06]} {[%emt 00:00:29]} Nh4+
{[%clk 00:37:22]} {[%emt 00:00:37]} 20. Kh3 {[%clk 00:33:57]} {[%emt 00:03:16]}
Nf5 {[%clk 00:35:10]} {[%emt 00:02:15]} 21. Ng3 {[%clk 00:31:47]} {[%emt
00:02:17]} Nxe3 {[%clk 00:33:14]} {[%emt 00:02:01]} 22. fxe3 {[%clk 00:31:25]}
{[%emt 00:00:26]} Rab8 {[%clk 00:32:41]} {[%emt 00:00:36]} 23. Rf2 {[%clk
00:31:11]} {[%emt 00:00:21]} Rb7 {[%clk 00:29:43]} {[%emt 00:03:03]} 24. Rxc4
{[%clk 00:30:00]} {[%emt 00:01:16]} Rdb8 {[%clk 00:28:45]} {[%emt 00:01:02]}
25. b3 {[%clk 00:29:27]} {[%emt 00:00:39]} Rb4 {[%clk 00:27:16]} {[%emt
00:01:34]} 26. Rcc2 {[%clk 00:28:13]} {[%emt 00:01:20]} Rc8 {[%clk 00:26:22]}
{[%emt 00:00:57]} 27. Rfd2 {[%clk 00:26:23]} {[%emt 00:01:56]} a5 {[%clk
00:25:05]} {[%emt 00:01:20]} 28. Rd7 {[%clk 00:25:01]} {[%emt 00:01:29]} Bf8
{[%clk 00:23:42]} {[%emt 00:01:28]} 29. Ra7 {[%clk 00:24:26]} {[%emt 00:00:40]}
Rb5 {[%clk 00:21:58]} {[%emt 00:01:44]} 30. Rc4 {[%clk 00:23:34]} {[%emt
00:01:03]} Re8 {[%clk 00:19:56]} {[%emt 00:02:06]} 31. Ra4 {[%emt 00:02:10]}
Rc8 {[%clk 00:16:47]} {[%emt 00:03:13]} 32. R7xa5 {[%clk 00:21:03]} {[%emt
00:00:33]} Rxa5 {[%clk 00:16:10]} {[%emt 00:00:41]} 33. Rxa5 {[%clk 00:20:59]}
{[%emt 00:00:10]} Rd8 {[%clk 00:14:32]} {[%emt 00:01:40]} 34. Kg4 {[%clk
00:20:02]} {[%emt 00:01:04]} f5+ {[%clk 00:13:15]} {[%emt 00:01:22]} 35. Kf3
{[%clk 00:19:41]} {[%emt 00:00:25]} Rd2 {[%clk 00:10:42]} {[%emt 00:02:28]} 36.
Ne2 {[%clk 00:19:22]} {[%emt 00:00:35]} Rc2 {[%clk 00:08:56]} {[%emt 00:01:51]}
37. a4 {[%clk 00:18:36]} {[%emt 00:00:51]} Rb2 {[%clk 00:08:38]} {[%emt
00:00:22]} 38. Rb5 {[%clk 00:18:06]} {[%emt 00:00:37]} Ra2 {[%clk 00:06:46]}
{[%emt 00:01:55]} 39. Rb8 {[%clk 00:16:25]} {[%emt 00:01:48]} Kf7 {[%clk
00:05:41]} {[%emt 00:01:09]} 40. Ra8 {[%clk 00:15:31]} {[%emt 00:00:59]} Rb2
{[%clk 00:05:37]} {[%emt 00:00:09]} 41. Rb8 {[%clk 00:14:47]} {[%emt 00:00:50]}
Bd6 {[%clk 00:05:27]} {[%emt 00:00:13]} 42. Rb7+ {[%clk 00:14:31]} {[%emt
00:00:23]} Kf6 {[%clk 00:05:18]} {[%emt 00:00:13]} 43. Rb6 {[%clk 00:13:41]}
{[%emt 00:00:56]} Kg6 {[%clk 00:05:09]} {[%emt 00:00:13]} 44. Rxd6 {[%clk
00:13:17]} {[%emt 00:00:28]} Rxb3 {[%clk 00:05:08]} {[%emt 00:00:07]} 45. Rc6
{[%clk 00:13:11]} {[%emt 00:00:11]} Ra3 {[%clk 00:04:58]} {[%emt 00:00:15]} 46.
Ra6 {[%clk 00:12:32]} {[%emt 00:00:44]} c4 {[%clk 00:04:57]} {[%emt 00:00:07]}
47. Ra8 {[%clk 00:12:26]} {[%emt 00:00:11]} c3 {[%clk 00:04:57]} {[%emt
00:00:04]} 48. a5 {[%clk 00:12:23]} {[%emt 00:00:08]} c2 {[%clk 00:04:57]}
{[%emt 00:00:05]} 49. a6 {[%clk 00:12:14]} {[%emt 00:00:14]} Ra1 {[%clk
00:04:58]} {[%emt 00:00:04]} 50. a7 {[%clk 00:12:08]} {[%emt 00:00:11]} c1=Q
{[%emt 00:00:08]} 51. Nxc1 {[%clk 00:12:06]} {[%emt 00:00:04]} Rxc1 {[%clk
00:04:58]} {[%emt 00:00:05]} 52. Rb8 {[%clk 00:12:04]} {[%emt 00:00:07]} Rf1+
{[%clk 00:05:00]} {[%emt 00:00:03]} 53. Ke2 {[%clk 00:12:02]} {[%emt 00:00:08]}
Rh1 {[%clk 00:05:02]} {[%emt 00:00:03]} 54. a8=Q {[%clk 00:11:52]} {[%emt
00:00:15]} Rxh2+ {[%clk 00:04:59]} {[%emt 00:00:08]} 55. Kd3 {[%clk 00:11:20]}
{[%emt 00:00:37]} Rh1 {[%clk 00:04:49]} {[%emt 00:00:13]} 56. Rg8 {[%clk
00:11:17]} {[%emt 00:00:09]} Rd1+ {[%clk 00:04:47]} {[%emt 00:00:07]} 57. Ke2
{[%clk 00:11:12]} {[%emt 00:00:10]} Rh1 {[%clk 00:04:48]} {[%emt 00:00:04]} 58.
Qf8 {[%clk 00:10:56]} {[%emt 00:00:21]} Rh2+ {[%clk 00:04:48]} {[%emt
00:00:05]} 59. Kd3 {[%clk 00:10:49]} {[%emt 00:00:12]} h6 {[%clk 00:04:46]}
{[%emt 00:00:06]} 60. Qxg7+ {[%clk 00:10:30]} {[%emt 00:00:25]} Kh5 {[%clk
00:04:46]} {[%emt 00:00:05]} 61. Qg3 {[%clk 00:10:14]} {[%emt 00:00:21]} Rd2+
{[%clk 00:04:23]} {[%emt 00:00:29]} 62. Kxd2 {[%clk 00:10:06]} {[%emt
00:00:13]} e5 {[%clk 00:04:18]} {[%emt 00:00:09]} 63. Qh2# {[%clk 00:09:58]}
{[%emt 00:00:13]} 1-0

[Event "DVM U10 2023"]
[Site "Magdeburg GER"]
[Date "2023.12.27"]
[Round "1"]
[White "Heilmann, Theo"]
[Black "Suryaprakash, Smrithi"]
[Result "1-0"]
[Termination "normal"]
[Board "13.1"]
[WhiteElo "1315"]
[BlackElo "1318"]
[WhiteClock "00:20:17"]
[BlackClock "00:01:03"]
[WhiteTeam "Schachfüchse Kempen 1986"]
[BlackTeam "SF München"]
[PlyCount "117"]
[WhiteFideId "34678476"]
[BlackFideId "34637826"]
[EventCountry "GER"]
[EventRounds "7"]
[EventType "team-swiss"]
[EventDate "2023.12.27"]

1. d4 {[%clk 00:52:56]} {[%emt 00:02:13]} d5 {[%clk 00:54:49]} {[%emt
00:00:21]} 2. Bf4 {[%clk 00:52:31]} {[%emt 00:00:30]} Bf5 {[%clk 00:54:32]}
{[%emt 00:00:23]} 3. c3 {[%clk 00:52:23]} {[%emt 00:00:13]} Nf6 {[%clk
00:53:58]} {[%emt 00:00:38]} 4. Qb3 {[%clk 00:51:39]} {[%emt 00:00:49]} b6
{[%clk 00:52:26]} {[%emt 00:01:38]} 5. e3 {[%clk 00:50:52]} {[%emt 00:00:51]}
Nbd7 {[%clk 00:47:10]} {[%emt 00:05:21]} 6. Nf3 {[%clk 00:49:58]} {[%emt
00:00:59]} e6 {[%clk 00:46:14]} {[%emt 00:01:01]} 7. Bb5 {[%clk 00:48:59]}
{[%emt 00:01:05]} c5 {[%clk 00:43:04]} {[%emt 00:03:14]} 8. Bc6 {[%clk
00:48:38]} {[%emt 00:00:26]} Rc8 {[%clk 00:42:59]} {[%emt 00:00:09]} 9. Bb7
{[%clk 00:48:34]} {[%emt 00:00:10]} c4 {[%clk 00:41:05]} {[%emt 00:01:59]} 10.
Qa4 {[%clk 00:48:16]} {[%emt 00:00:23]} Rc7 {[%clk 00:35:58]} {[%emt 00:05:12]}
11. Bxc7 {[%clk 00:48:07]} {[%emt 00:00:14]} Qxc7 {[%clk 00:35:58]} {[%emt
00:00:05]} 12. Bc6 {[%clk 00:47:57]} {[%emt 00:00:15]} Bd6 {[%clk 00:35:01]}
{[%emt 00:01:02]} 13. Bxd7+ {[%clk 00:47:16]} {[%emt 00:00:46]} Nxd7 {[%clk
00:34:20]} {[%emt 00:00:46]} 14. Nbd2 {[%clk 00:45:43]} {[%emt 00:01:38]} Bd3
{[%clk 00:33:03]} {[%emt 00:01:23]} 15. Rc1 {[%clk 00:41:13]} {[%emt 00:04:34]}
O-O {[%clk 00:29:05]} {[%emt 00:04:03]} 16. b3 {[%clk 00:40:42]} {[%emt
00:00:36]} b5 {[%clk 00:25:17]} {[%emt 00:03:54]} 17. Qxb5 {[%clk 00:38:07]}
{[%emt 00:02:39]} Ba3 {[%clk 00:25:02]} {[%emt 00:00:20]} 18. Rb1 {[%clk
00:37:38]} {[%emt 00:00:34]} Bxb1 {[%clk 00:24:37]} {[%emt 00:00:30]} 19. Nxb1
{[%clk 00:37:37]} {[%emt 00:00:06]} Bd6 {[%clk 00:23:34]} {[%emt 00:01:08]} 20.
b4 {[%clk 00:36:32]} {[%emt 00:01:10]} Rb8 {[%clk 00:22:59]} {[%emt 00:00:40]}
21. Qa4 {[%clk 00:34:50]} {[%emt 00:01:47]} a5 {[%clk 00:21:13]} {[%emt
00:01:52]} 22. a3 {[%clk 00:33:44]} {[%emt 00:01:10]} axb4 {[%clk 00:21:02]}
{[%emt 00:00:17]} 23. axb4 {[%clk 00:33:41]} {[%emt 00:00:08]} h6 {[%clk
00:20:18]} {[%emt 00:00:48]} 24. O-O {[%clk 00:33:05]} {[%emt 00:00:40]} Nf6
{[%clk 00:19:03]} {[%emt 00:01:21]} 25. Nbd2 {[%clk 00:32:08]} {[%emt
00:01:02]} Ne4 {[%clk 00:18:05]} {[%emt 00:01:03]} 26. h3 {[%clk 00:31:27]}
{[%emt 00:00:45]} Nxc3 {[%clk 00:17:48]} {[%emt 00:00:23]} 27. Qc2 {[%clk
00:30:52]} {[%emt 00:00:40]} Bxb4 {[%clk 00:17:43]} {[%emt 00:00:11]} 28. Ra1
{[%clk 00:30:46]} {[%emt 00:00:10]} Nb5 {[%clk 00:16:45]} {[%emt 00:01:03]} 29.
Qa4 {[%clk 00:29:30]} {[%emt 00:01:22]} Bxd2 {[%clk 00:15:59]} {[%emt
00:00:50]} 30. Nxd2 {[%clk 00:29:15]} {[%emt 00:00:20]} c3 {[%clk 00:15:39]}
{[%emt 00:00:25]} 31. Nb3 {[%clk 00:29:05]} {[%emt 00:00:15]} c2 {[%clk
00:15:18]} {[%emt 00:00:24]} 32. Nc5 {[%clk 00:29:01]} {[%emt 00:00:11]} Nc3
{[%clk 00:14:57]} {[%emt 00:00:25]} 33. Qxc2 {[%clk 00:28:46]} {[%emt
00:00:21]} Ne4 {[%clk 00:13:31]} {[%emt 00:01:31]} 34. Rc1 {[%clk 00:28:26]}
{[%emt 00:00:25]} Nd6 {[%clk 00:11:59]} {[%emt 00:01:38]} 35. Qd2 {[%clk
00:27:53]} {[%emt 00:00:38]} Nc4 {[%clk 00:11:43]} {[%emt 00:00:20]} 36. Qa2
{[%clk 00:27:27]} {[%emt 00:00:31]} Qa5 {[%clk 00:10:25]} {[%emt 00:01:24]} 37.
Qxa5 {[%clk 00:27:02]} {[%emt 00:00:30]} Nxa5 {[%clk 00:10:24]} {[%emt
00:00:05]} 38. Nd7 {[%clk 00:26:46]} {[%emt 00:00:21]} Rb2 {[%clk 00:10:04]}
{[%emt 00:00:25]} 39. Rc8+ {[%clk 00:25:38]} {[%emt 00:01:13]} Kh7 {[%clk
00:09:55]} {[%emt 00:00:14]} 40. Nf8+ {[%clk 00:25:42]} {[%emt 00:00:02]} Kg8
{[%clk 00:09:28]} {[%emt 00:00:30]} 41. Nxe6+ {[%clk 00:25:08]} {[%emt
00:00:40]} Kh7 {[%clk 00:09:25]} {[%emt 00:00:08]} 42. Nf4 {[%clk 00:25:06]}
{[%emt 00:00:07]} Rb5 {[%clk 00:08:25]} {[%emt 00:01:05]} 43. Rd8 {[%clk
00:24:40]} {[%emt 00:00:31]} g5 {[%clk 00:05:55]} {[%emt 00:02:35]} 44. Nxd5
{[%clk 00:24:11]} {[%emt 00:00:35]} Nc6 {[%clk 00:04:55]} {[%emt 00:01:04]} 45.
Rd7 {[%clk 00:23:55]} {[%emt 00:00:21]} Kg7 {[%clk 00:04:43]} {[%emt 00:00:17]}
46. Nc7 {[%clk 00:23:28]} {[%emt 00:00:32]} Rb1+ {[%clk 00:04:19]} {[%emt
00:00:29]} 47. Kh2 {[%clk 00:23:17]} {[%emt 00:00:16]} Nb4 {[%clk 00:04:17]}
{[%emt 00:00:08]} 48. Ne8+ {[%clk 00:22:35]} {[%emt 00:00:47]} Kf8 {[%clk
00:04:09]} {[%emt 00:00:13]} 49. Nd6 {[%clk 00:22:28]} {[%emt 00:00:11]} Nd3
{[%clk 00:04:00]} {[%emt 00:00:14]} 50. Rxf7+ {[%clk 00:22:14]} {[%emt
00:00:19]} Kg8 {[%clk 00:04:01]} {[%emt 00:00:04]} 51. Rf5 {[%clk 00:21:54]}
{[%emt 00:00:25]} Rf1 {[%clk 00:03:43]} {[%emt 00:00:23]} 52. Kg3 {[%clk
00:21:43]} {[%emt 00:00:16]} Ne1 {[%clk 00:03:23]} {[%emt 00:00:25]} 53. Kh2
{[%clk 00:21:14]} {[%emt 00:00:34]} Nd3 {[%clk 00:02:59]} {[%emt 00:00:30]} 54.
Ne4 {[%clk 00:21:09]} {[%emt 00:00:09]} Kg7 {[%clk 00:02:45]} {[%emt 00:00:19]}
55. g4 {[%clk 00:20:52]} {[%emt 00:00:23]} Ne1 {[%clk 00:01:30]} {[%emt
00:01:20]} 56. Ng3 {[%clk 00:20:34]} {[%emt 00:00:22]} Nf3+ {[%clk 00:00:59]}
{[%emt 00:00:36]} 57. Rxf3 {[%clk 00:20:29]} {[%emt 00:00:10]} Rd1 {[%clk
00:01:02]} {[%emt 00:00:02]} 58. Nf5+ {[%clk 00:20:20]} {[%emt 00:00:14]} Kg6
{[%clk 00:01:03]} {[%emt 00:00:04]} 59. e4 {[%clk 00:20:17]} {[%emt 00:00:09]}
1-0